Statistics for 2016-17 UEFA Champions League Knockout Stage

Click here to take the quiz!

General Stats

  • This quiz has been taken 95 times
  • The average score is 22 of 30

Answer Stats

Answer% Correct
Real MadridFinal
90%
JuventusFinal
89%
Real Madrid1/2
88%
Juventus1/2
86%
Juventus1/4
85%
FC Barcelona1/8
83%
Paris SG1/8
83%
Bayern Munich1/8
82%
Juventus1/8
82%
Real Madrid1/4
82%
Real Madrid1/8
81%
AS Monaco1/8
79%
FC Barcelona1/4
79%
Bayern Munich1/4
78%
Atletico Madrid1/2
76%
Manchester City1/8
76%
AS Monaco1/4
75%
AS Monaco1/2
75%
Atletico Madrid1/8
75%
Atletico Madrid1/4
75%
Arsenal FC1/8
69%
Borussia Dortmund1/8
64%
Borussia Dortmund1/4
61%
Leicester City1/8
58%
Leicester City1/4
57%
SSC Napoli1/8
57%
Sevilla FC1/8
53%
FC Porto1/8
51%
SL Benfica1/8
46%
Bayer Leverkusen1/8
39%

Score Distribution

Percentile by Number Answered

Percent of People with Each Score

Your Score History

You have not taken this quiz